Statistiques concernant Top 7 des Pains les Plus Sains

Cliquez ici pour prendre le quiz!

Statistiques générales

  • Ce quiz a été pris 4 fois
  • Le résultat moyen est 1 sur 7

Statistiques - réponses

HintRéponse% Correct
2Pain au Levain
75%
4Pain d'Avoine
25%
7Pain Sans Gluten
25%
1Germé de Grains Entiers
0%
3Pain de Blé Entier
0%
5Pain de Lin
0%
6Pain de Seigle Germé
0%

Distribution des résultats

Percentile par nombre de réponses

% des personnes avec chaque résultat

Votre développement - résultats

Vous n’avez pas pris ce quiz